|
|
|
|
| LEADER |
00000nab a2200000 a 4500 |
| 001 |
vtls000573988 |
| 003 |
SK-MaSNL |
| 005 |
20260304101151.0 |
| 008 |
250426c1995 xo 0 slo |
| 015 |
|
|
|a SNBRB19rr/mm-uuuuu
|
| 035 |
|
|
|a CL0574126
|
| 035 |
|
|
|a urn:nbn:sk:snk-abbpjr
|
| 035 |
|
|
|a (urnnbn)urn:nbn:sk:snk:ar-0047lb
|
| 035 |
|
|
|a (uuid)a4b954c8-9ca9-438d-b79d-65f66f97ccba
|
| 040 |
|
|
|a SNKBUCL
|b slo
|c SNKBUCL
|e AACR2
|
| 041 |
0 |
|
|a slo
|
| 044 |
|
|
|a xo
|c SK
|
| 080 |
|
|
|a 82(091):820 (429)"19"
|2 1981
|
| 080 |
|
|
|a 820 (429)(091)"19"
|2 1981
|
| 080 |
|
|
|a 82.0:82-1/-9
|2 1981
|
| 100 |
1 |
|
|a Davies, James A.
|4 aut
|9 1396181
|
| 245 |
1 |
0 |
|a Waleské poviedky v angličtine
|c James A. Davies ; Prekl. Alica Lajdová
|
| 650 |
0 |
7 |
|a waleská próza (anglicky)
|2 SNKPH
|9 196708
|
| 650 |
0 |
7 |
|a waleská literatúra (anglicky)
|2 SNKPH
|9 263264
|
| 655 |
|
7 |
|a články z novín a časopisov
|2 snkbucl
|9 267496
|
| 655 |
|
7 |
|a články z odboru literárna veda a krásna literatúra
|2 snkbucl
|9 770045
|
| 700 |
1 |
|
|a Lajdová, Alica,
|d 1950-2002
|4 trl
|9 158915
|
| 773 |
0 |
|
|t Revue svetovej literatúry
|g Roč. 31, č. 3-4 (1995), s. 21-24
|x 0231-6269
|
| 850 |
|
|
|a Slovenská národná knižnica
|
| 852 |
|
|
|a Slovenská národná knižnica
|
| 958 |
|
|
|a article15
|
| 958 |
|
|
|a RK
|
| 958 |
|
|
|a LX
|
| 958 |
|
|
|a GB
|
| 958 |
|
|
|a OND
|
| 958 |
|
|
|a EUIPO
|
| 999 |
|
|
|c 2840939
|d 2842869
|